| 000 | 00401nam a22001217a 4500 | ||
|---|---|---|---|
| 008 | 140211b xxu||||| |||| 00| 0 eng d | ||
| 050 | _aBX1758.2.C522 2004 | ||
| 245 |
_aCherishing life / _cCatholic Bishops' Conference of England |
||
| 260 |
_aLondon _bThe Catholic Truth Society _c2004 |
||
| 300 |
_a103p. _c 22cm. |
||
| 650 |
_aChristian ethics - Catholic authors _98583 |
||
| 942 |
_2lcc _cMONOGRAPH |
||
| 999 |
_c120025 _d120025 |
||